Steeling the Mind (Record no. 352564)
[ view plain ]
| 000 -LEADER | |
|---|---|
| fixed length control field | 00530nam a2200133Ia 4500 |
| 008 - FIXED-LENGTH DATA ELEMENTS--GENERAL INFORMATION | |
| fixed length control field | 171212s9999 xx 000 0 und d |
| 020 ## - INTERNATIONAL STANDARD BOOK NUMBER | |
| International Standard Book Number | 9780833037022 |
| 100 ## - MAIN ENTRY--PERSONAL NAME | |
| Personal name | Helmus, Todd C.;Glenn, Russell W. |
| 245 ## - TITLE STATEMENT | |
| Statement of responsibility, etc | Helmus, Todd C.;Glenn, Russell W. |
| Title | Steeling the Mind |
| Remainder of title | Combat Stress Reactions and Their Implications for Urban Warfare |
| 260 ## - PUBLICATION, DISTRIBUTION, ETC. (IMPRINT) | |
| Name of publisher, distributor, etc | RAND Corporation |
| Date of publication, distribution, etc | 2005 |
| 650 ## - SUBJECT ADDED ENTRY--TOPICAL TERM | |
| Topical term or geographic name as entry element | Management & Organizational Behavior |
| 650 ## - SUBJECT ADDED ENTRY--TOPICAL TERM | |
| Topical term or geographic name as entry element | War neuroses -- United States; Urban warfare |
| 856 ## - ELECTRONIC LOCATION AND ACCESS | |
| Uniform Resource Identifier | <a href="www.jstor.org/stable/10.7249/mg191a">www.jstor.org/stable/10.7249/mg191a</a> |
| Withdrawn status | Lost status | Damaged status | Home library | Current library | Date acquired | Total Checkouts | Full call number | Date last seen | Price effective from | Koha item type |
|---|---|---|---|---|---|---|---|---|---|---|
| College Library | College Library | 12/12/2017 | RC550.H47 2005 | 12/12/2017 | 12/12/2017 | Curriculum - Based eBooks |